MARC details
| 000 -LEADER |
| fixed length control field |
01408nam a2200361 a 4500 |
| 001 - CONTROL NUMBER |
| control field |
sjdsz9bblp b2773581 |
| 003 - CONTROL NUMBER IDENTIFIER |
| control field |
sjds |
| 005 - DATE AND TIME OF LATEST TRANSACTION |
| control field |
20171017130557.0 |
| 008 - FIXED-LENGTH DATA ELEMENTS--GENERAL INFORMATION |
| fixed length control field |
050223s2005 ohua b 000 1 spa d |
| 020 ## - INTERNATIONAL STANDARD BOOK NUMBER |
| International Standard Book Number |
0769640613 : (trade pbk.) |
| 020 ## - INTERNATIONAL STANDARD BOOK NUMBER |
| International Standard Book Number |
9780769640617 : (trade pbk.) |
| 040 ## - CATALOGING SOURCE |
| Modifying agency |
CoBoFLC |
| Transcribing agency |
sjds |
| 041 1# - LANGUAGE CODE |
| Language code of text/sound track or separate title |
spa |
| Language code of original |
eng |
| 100 1# - MAIN ENTRY--PERSONAL NAME |
| Personal name |
Robinson, Hilary, |
| Dates associated with a name |
1962- |
| 240 10 - UNIFORM TITLE |
| Uniform title |
<a href="Mr. Smith's surprising pet.">Mr. Smith's surprising pet.</a> |
| Language of a work |
Spanish. |
| 245 10 - TITLE STATEMENT |
| Title |
La sorprendente mascota del Senor Perez / |
| Statement of responsibility, etc. |
de Hilary Robinson ; ilustraciones de Tim Archbold. |
| 246 3# - VARYING FORM OF TITLE |
| Title proper/short title |
Sorprendente mascota del Senor Perez. |
| 260 ## - PUBLICATION, DISTRIBUTION, ETC. (IMPRINT) |
| Place of publication, distribution, etc. |
Columbus, Ohio : |
| Name of publisher, distributor, etc. |
Gingham Dog Press, |
| Date of publication, distribution, etc. |
2005. |
| 300 ## - PHYSICAL DESCRIPTION |
| Extent |
32 p. : |
| Other physical details |
col. ill. ; |
| Dimensions |
23 cm. |
| 490 1# - SERIES STATEMENT |
| Series statement |
Lectores relampago. Nivel 3, Lector seguro. |
| 500 ## - GENERAL NOTE |
| General note |
Translation of: Mr. Smith's surprising pet. |
| 520 ## - SUMMARY, ETC. |
| Summary, etc. |
The students are skeptical when their teacher claims to own a pet dinosaur. Includes vocabulary words and discussion questions. Includes vocabulary words and discussion questions. |
| 521 2# - TARGET AUDIENCE NOTE |
| Target audience note |
Grados 1-2. |
| 546 ## - LANGUAGE NOTE |
| Language note |
Text in Spanish. |
| 650 #0 - SUBJECT ADDED ENTRY--TOPICAL TERM |
| Topical term or geographic name as entry element |
Pets |
| Form subdivision |
Juvenile fiction. |
| 650 #0 - SUBJECT ADDED ENTRY--TOPICAL TERM |
| Topical term or geographic name as entry element |
Dinosaurs |
| Form subdivision |
Juvenile fiction. |
| 650 #0 - SUBJECT ADDED ENTRY--TOPICAL TERM |
| Topical term or geographic name as entry element |
Teachers |
| Form subdivision |
Juvenile fiction. |
| 650 #0 - SUBJECT ADDED ENTRY--TOPICAL TERM |
| Topical term or geographic name as entry element |
Schools |
| Form subdivision |
Juvenile fiction. |
| 655 #1 - INDEX TERM--GENRE/FORM |
| Genre/form data or focus term |
Spanish language materials. |
| 700 1# - ADDED ENTRY--PERSONAL NAME |
| Personal name |
Archbold, Tim, |
| Relator term |
ill. |
| 830 #0 - SERIES ADDED ENTRY--UNIFORM TITLE |
| Uniform title |
Lightning readers. |
| Number of part/section of a work |
Confident reader 3. |
| Language of a work |
Spanish. |
| 942 ## - ADDED ENTRY ELEMENTS (KOHA) |
| Koha item type |
Libro/Book |